000 00460nam a2200169 4500
001 123908
003 ES-MaACL
005 20230906192255.0
007 t|
008 070214s1973 sp r ||||1| spa d
100 1 _aRamírez Heredia, Juan de Dios.
_995154
245 1 0 _aVida gitana /
_cJuan de Dios Ramírez Heredia.
250 _a1ª ed.
260 _aBarcelona :
_bEd. 29,
_c1973.
300 _a219 p. ;
_c20 cm.
852 _aES-MaACL
_jC-48587
_bR.85135
999 _c123908
_d123908